000 00609nam a2200169 4500
008 240117b |||||||| |||| 00| 0 eng d
020 _a9789551655396
082 _a324.954
_bCEN
110 _aCentre for policy alternatives
245 _aStrengthening the provincial council system:
_bthematic report of workshop deliberations
260 _aColombo:
_bCentre for policy alternatives,
_c2008
300 _a127 p.
650 _aPROVINCIAL COUNCILS-Sri Lanka
700 _aGuruge, Lionel
_eed.
856 _uhttps://www.cpalanka.org/wp-content/uploads/2008/12/FINAL-REPORT-ON-PCs-2008-May-CPA.pdf
942 _cRP
999 _c4639
_d4639